<?xml version="1.0" encoding="UTF-8"?>
<collection xmlns="http://www.loc.gov/MARC21/slim">
 <record>
  <leader>01586nam a2200217 a 4500</leader>
  <controlfield tag="001">TVCDKTCT2733</controlfield>
  <controlfield tag="003">Thư viện trường Cao đẳng Kỹ thuật Cao Thắng</controlfield>
  <controlfield tag="005">20170601152848.9</controlfield>
  <controlfield tag="008">050823</controlfield>
  <datafield tag="980" ind1="\" ind2="\">
   <subfield code="a">Thư viện Trường CĐ Kỹ Thuật Cao Thắng</subfield>
  </datafield>
  <datafield tag="024" ind1=" " ind2=" ">
   <subfield code="a">RG_1 #1 eb0 i1</subfield>
  </datafield>
  <datafield tag="041" ind1="0" ind2="#">
   <subfield code="a">vie</subfield>
  </datafield>
  <datafield tag="082" ind1="#" ind2="#">
   <subfield code="a">621.302 8 / </subfield>
   <subfield code="b">Đ305T</subfield>
  </datafield>
  <datafield tag="245" ind1="0" ind2="0">
   <subfield code="a">Điện kỹ thuật</subfield>
  </datafield>
  <datafield tag="250" ind1="#" ind2="#">
   <subfield code="a">In lần thứ 1</subfield>
  </datafield>
  <datafield tag="260" ind1="#" ind2="#">
   <subfield code="a">Tp.HCM : </subfield>
   <subfield code="b">Công ty cơ khí , </subfield>
   <subfield code="c">1978</subfield>
  </datafield>
  <datafield tag="300" ind1="#" ind2="#">
   <subfield code="a">222tr. ; </subfield>
   <subfield code="c">19</subfield>
  </datafield>
  <datafield tag="650" ind1="#" ind2="4">
   <subfield code="a">Điện</subfield>
  </datafield>
  <datafield tag="650" ind1="#" ind2="4">
   <subfield code="a">Điện--Kỹ thuật</subfield>
  </datafield>
  <datafield tag="721" ind1="#" ind2="#">
   <subfield code="a">CNKT Điện</subfield>
  </datafield>
  <datafield tag="841" ind1="#" ind2="#">
   <subfield code="b">Kho Sách </subfield>
   <subfield code="j">100010288, 100010289, 100010291, 100010292, 100010293, 100010294, 100010296, 100010297, 100010298, 100010299, 100010300, 100010301, 100010303, 100010304, 100010306, 100010309, 100010311, 100010314, 100010316, 100010317, 100010318, 100010322, 100010323, 100010325, 100010327, 100010328, 100010330, 100010332, 100010333, 100010335, 100010336, 100010337, 100010342, 100010343, 100010346, 100010347, 100010351, 100010352, 100010353, 100010357, 100010358, 100010361, 100010362, 100010363, 100010366, 100010367, 100010368, 100010369, 100010371, 100010372, 100010373, 100010374, 100010376, 100010377, 100010378, 100010379, 100010380, 100010381, 100010382, 100010383, 100010384, 100010385, 100010386, 100010387, 100010388, 100010389, 100010390, 100010391, 100010392, 100010393, 100010394, 100010395, 100010396, 100010397, 100010398, 100010399, 100010664, 100010717, 100010751, 100010756, 100010806, 100010834, 100010843, 100010870, 100010992, 100011038</subfield>
  </datafield>
 </record>
</collection>
